书目信息 |
| 题名: |
医用诊断X线卫生防护规定
|
|
| 作者: | ;中华人民共和国卫生部 编 | |
| 分册: | ||
| 出版信息: | 北京 人民卫生出版社 1978 |
|
| 页数: | 14页 | |
| 开本: | 19cm | |
| 丛书名: | ||
| 单 册: | ||
| 中图分类: | R814-65 | |
| 科图分类: | ||
| 主题词: | 辐射防护-X射线诊断--规定--中国 , X射线诊断-辐射防护--规定--中国 , 放射医学 | |
| 电子资源: | ||
| ISBN: | ||
| 000 | 00821nam0 2200253 45 | |
| 001 | 0178000426 | |
| 005 | 20060410164826.70 | |
| 010 | @dCNY0.06 | |
| 091 | @a14048.3648 | |
| 100 | @a19950804d1978 em y0chiy0121 ea | |
| 101 | 0 | @achi |
| 102 | @aCN@b110000 | |
| 105 | @ay l 000yy | |
| 200 | 10 | @a医用诊断X线卫生防护规定@Ayi yong zhen duan x xian wei sheng fang hu gui ding@f中华人民共和国卫生部编@Fzhong hua ren min gong he guo wei sheng bu bian |
| 210 | @a北京@c人民卫生出版社@d1978 | |
| 215 | @a14页@d19cm | |
| 300 | @a国内发行 | |
| 606 | @a辐射防护-X射线诊断@x规定@y中国 | |
| 606 | @aX射线诊断-辐射防护@x规定@y中国 | |
| 606 | 0 | @a放射医学 |
| 690 | @aR814-65@v3 | |
| 711 | 0 | @a中华人民共和国卫生部@Azhong hua ren min gong he guo wei sheng bu@4编 |
| 801 | 0 | @aCN@bTSSF@c20060410 |
| 905 | @a10447@dR814-65@e1 | |
| 医用诊断X线卫生防护规定/中华人民共和国卫生部编.-北京:人民卫生出版社,1978 |
| 14页;19cm |
| 国内发行 |
| ISBN :CNY0.06 |
| ● |
| 相关链接 |
|
|
|
|
正题名:医用诊断X线卫生防护规定
索取号:R814-65/1
 
预约/预借
| 序号 | 登录号 | 条形码 | 馆藏地/架位号 | 状态 | 备注 |
| 1 | 0002642 | 000716194 | 密集书库/ [索取号:R814-65/1] | 在馆 | |
| 2 | 0002643 | 000716201 | 密集书库/ [索取号:R814-65/1] | 在馆 |